000 00266nam a22001097a 4500
082 _a324.2 BAK'U
100 _aBAKKE, E. WIGHT,KERR, CLARK
_960520
245 _aUNIONS MANAGEMENT AND THE PUBLIC
260 _aNEWYORK
_bHARTCOURT
_c1949
300 _a946P
942 _cBK
999 _c570223
_d570223